000
00192nmm a2200085Ia 4500
008
220120s9999||||xx |||||||||||||||||und||
100
_a
EFY
245
0
_a
Raspbian kali linux
260
_a
EFY
_c
2016
999
_c
139996
_d
139996